00478nam a22001577a 450000500170000000800410001702000280005804100130008608200150009910000340011424500420014825000190019026000560020930000300026565000250029520231103070916.0231103b |||||||| |||| 00| 0 eng d a0409019682 ; 0409019690 aEnglish  a346.6 COR  aCilliers, HS et al. lEnglish aCorporate Law / cHS Cilliers et al.  aSecond Edition aDurban : bButterworth Publishers (Pty) Ltd, c1992 bxvi, 797 pages ; c25 cm. aLegal practice bLaw